El proletariado y su organización
Tallennettuna:
| Päätekijä: | |
|---|---|
| Aineistotyyppi: | Tuntematon |
| Kieli: | Spanish |
| Julkaistu: |
México, D.F.:
Grijalbo,
1970
|
| Aiheet: | |
| Tagit: |
Lisää tagi
Ei tageja, Lisää ensimmäinen tagi!
|
MARC
| LEADER | 000000000a22000000004500 | ||
|---|---|---|---|
| 001 | 000927 | ||
| 008 | 180208b xxu||||| |||| 00| 0 spa d | ||
| 041 | 0 | |a español | |
| 082 | |a 331 |b M333p | ||
| 100 | 1 | |a Mariátegui, José Carlos | |
| 245 | 1 | 0 | |a El proletariado y su organización |c José Carlos Mariátegui |
| 260 | |a México, D.F.: |b Grijalbo, |c 1970 | ||
| 300 | |a 156 páginas | ||
| 650 | 4 | |a Perú | |
| 650 | 4 | |a LITERATURA PERUANA |9 67 | |
| 650 | 4 | |a DOCUMENTOS | |
| 650 | 4 | |a PROLETARIADO PERUANO | |
| 650 | 4 | |a SOCIALISMO PERUANO | |
| 650 | 4 | |a ORGANIZACIONES SINDICALES | |
| 650 | 4 | |a PARTIDO COMUNISTA PERUANO | |
| 942 | |2 ddc |c BK | ||
| 999 | |c 1699 |d 1699 | ||
